000 00430nam a2200169Ia 4500
008 100217t1999 xxu||||| |||| 00| 0 sin d
041 _asin
080 _a82.293.
_bGUN
100 _aGunasekara, Nihal
245 _aඅළුත් අන්දරේ
246 _aAluth Andare (hasya)
260 _bGodage
_aColombo
_c1999
300 _a72p., 21 cm
942 _cBK
999 _c71415
_d71415
003 LK-CoDNM
040 _aLK-CoDNM
_dLK-CoDNM
_eLK-CoDNM